Rozdělení majetku ČSFR

Vymedzenie spoločného majetku ČSFR v r. 1992. Legislatívna úprava delenia majetku pre dve nástupnícke republiky - Česko a Slovensko. Štátne finančné aktíva a pasíva ČSFR a ich prerozdelenie. Rozdelenie aktív a pasív SBČS Českej národnej banke a Národnej banke Slovenska.

Guardado en:
Detalles Bibliográficos
Autor principal: Mervart, J.
Formato: Capítulo de libro
Lenguaje:checo
Materias:
Etiquetas: Agregar Etiqueta
Sin Etiquetas, Sea el primero en etiquetar este registro!

MARC

LEADER 00000naa a2200000 4500
001 r016998
005 20221205102515.2
041 0 |a cze 
044 |a CZ 
245 1 0 |a Rozdělení majetku ČSFR  |c J. Mervart 
520 |a Vymedzenie spoločného majetku ČSFR v r. 1992. Legislatívna úprava delenia majetku pre dve nástupnícke republiky - Česko a Slovensko. Štátne finančné aktíva a pasíva ČSFR a ich prerozdelenie. Rozdelenie aktív a pasív SBČS Českej národnej banke a Národnej banke Slovenska. 
610 2 0 |a majetok národný 
610 2 0 |a ČSFR 
610 2 0 |a 1992-1993 
610 2 0 |a Česko 
610 2 0 |a Slovensko 
610 2 0 |a rozdeľovanie 
610 2 0 |a legislatíva 
610 2 0 |a aktíva 
610 2 0 |a pasíva 
610 2 0 |a SBČS 
610 2 0 |a NBS Bratislava 
610 2 0 |a ČNB Praha 
100 1 |a Mervart, J.